000 nam a22 7a 4500
999 _c9276
_d9276
008 180125b ||||| |||| 00| 0 eng d
100 _aRukunadvani. S
_95532
245 _aEditors on editing
260 _aNew Delhi
_bNational Publication
_c2003